|
|
|
|
| LEADER |
00000nam2a2200000 4500 |
| 001 |
19486 |
| 005 |
20231101205259.0 |
| 035 |
|
|
|a (RuTPU)RU\TPU\book\19650
|
| 035 |
|
|
|a BOOK00019720
|
| 090 |
|
|
|a 19486
|
| 100 |
|
|
|a 20011209d1968 km y0rusy50 ca
|
| 101 |
1 |
|
|a rus
|c fre
|
| 102 |
|
|
|a RU
|
| 105 |
|
|
|a с e 000zy
|
| 200 |
0 |
|
|a Т. 1
|
| 210 |
|
|
|d 1968
|
| 215 |
|
|
|a 391 с.
|
| 461 |
|
1 |
|0 (RuTPU)RU\TPU\book\66633
|t Исторический и критический словарь
|o Пер. с фр.
|o В 2 т.
|f П. Бейль
|g Академия Наук СССР; Институт философии
|v Т. 1
|d 1968
|s Философское наследие
|
| 606 |
1 |
|
|a Французская философия
|2 stltpush
|3 (RuTPU)RU\TPU\subj\38002
|9 58738
|
| 610 |
1 |
|
|a философия
|
| 610 |
1 |
|
|a история
|
| 610 |
1 |
|
|a 17 век
|
| 610 |
1 |
|
|a персоналии
|
| 610 |
1 |
|
|a справочники
|
| 610 |
1 |
|
|a словари
|
| 610 |
1 |
|
|a религия
|
| 610 |
1 |
|
|a атеизм
|
| 686 |
|
|
|a Ю3(4Фр)
|v LBC/SL-A
|2 rubbk
|
| 801 |
|
0 |
|a RU
|b 63413507
|c 20011209
|g PSBO
|
| 801 |
|
2 |
|a RU
|b 63413507
|c 20190902
|g PSBO
|
| 942 |
|
|
|c BK
|